<?xml version="1.0" encoding="UTF-8"?>
<collection xmlns="http://www.loc.gov/MARC21/slim">
 <record>
  <leader>00441nam a22001335a 4500</leader>
  <controlfield tag="001">EEA.libagro004372</controlfield>
  <controlfield tag="005">20181127122445.0</controlfield>
  <controlfield tag="008">130809s1986####ag############000#0#spa#d</controlfield>
  <datafield tag="082" ind1="0" ind2="4">
   <subfield code="a">338.982</subfield>
  </datafield>
  <datafield tag="110" ind1="2" ind2=" ">
   <subfield code="a">Consejo Federal de Inversiones (Argentina)</subfield>
  </datafield>
  <datafield tag="245" ind1="1" ind2="0">
   <subfield code="a">Diagnóstico de los sistemas provinciales de planificación.</subfield>
  </datafield>
  <datafield tag="260" ind1=" " ind2=" ">
   <subfield code="a">Buenos Aires :</subfield>
   <subfield code="b">CFI,</subfield>
   <subfield code="c">1986.</subfield>
  </datafield>
  <datafield tag="300" ind1=" " ind2=" ">
   <subfield code="a">36 p. ;</subfield>
   <subfield code="c">26 cm.</subfield>
  </datafield>
  <datafield tag="859" ind1=" " ind2=" ">
   <subfield code="a">AR-BbBCA</subfield>
   <subfield code="b">BIB. AGRONOMIA</subfield>
   <subfield code="h">338.982</subfield>
   <subfield code="i">A691</subfield>
   <subfield code="p">1990/1615</subfield>
  </datafield>
 </record>
</collection>
